Miraculous ladybug pouvoirs spéciales + pouvoirs secondaires - Statistiques

Statistiques générales
  • Ce quiz a été pris 123 fois
  • Le résultat moyen est 12 sur 33
Statistiques - réponses
Nom héros qui a utilisé ce pouvoir Pouvoir spécial % Correct
Ladybug / Misterbug / Scarabella / Bugnoire / Toxinelle / Monachbug Lucky Charm
95%
Chat Noir / LadyNoire / Blaqueminette / Bugnoire / Griffe Noir / Patte de velours Cataclysme
72%
Ladybug (POUVOIR SECONDAIRE) Miraculous Ladybug
61%
Carapace / Monarch Protection
53%
Misterbug (POUVOIR SECONDAIRE) Miraculous Misterbug
52%
Queen Bee / Vesperia / Ladybee / Monarch / Monarch Venin
52%
Pegase / Pegabug / Monarch Voyage
52%
Vipérion / Aspik / Monarch / Serpent Noir Seconde Chance
51%
Scarabella (POUVOIR SECONDAIRE) Miraculous Scarabella
49%
Rena Rouge/ Multirouge / Monarch Mirage
48%
Bunnix (futur + présent) / Pennybug / LapinNoir / Monarch Terrier
48%
Pigella Cadeau
46%
Toxinelle (POUVOIR SECONDAIRE) Miraculous Toxinelle
45%
Papillon / Papillombre / Monarch / Ladyfly / Hesperia Akumatisation
43%
Traquemoiselle / Flairmidable / Monarch Rapporte
40%
Ryuko / Dragonbug Dragon d’eau
39%
Tigresse Pourpre Fougue
39%
Ryuko / Monarch Dragon de vent
37%
Multimouse / Multirouge / Mutlibug / Multinoire / Polymouse / Monarch Multitude
37%
Monachbug (POUVOIR SECONDAIRE) Miraculous Monachbug
36%
Caprikid / Monarch Genèse
30%
Roi Singe Pagaille
28%
Coq Courage / Monarch Sublimation
25%
Eagle / Technolizer / Miracronizer Libération
24%
Minotaurox / Monarch Résistance
20%
Pouvoir miraculous dragon (pouvoir pas encore utilisé par un porteur de miraculous) Dragon de foudre
17%
Chat Noir (POUVOIR SECONDAIRE) Vision Nocturne
12%
Ladybug (POUVOIR SECONDAIRE) Magical Charms
10%
Mayura / Papillombre / Argos Amokization
5%
Papillon / Papillombre / Monarch / Mayura / Hesperia (POUVOIR SECONDAIRE) Télépathie
4%
Papillon / Mayura / Papillombre / Monarch (POUVOIR SECONDAIRE) Empathie
2%
Papillon (POUVOIR SECONDAIRE) Contrôle corporel
0%
Papillon / Monarch (POUVOIR SECONDAIRE) Message
0%
Aucun quiz correspondant
Distribution des résultats
% des personnes avec chaque résultat
Percentile par nombre de réponses
Votre historique - résultats
Vous n’avez pas pris ce quiz